Movies Quiz

Random Movies or Quote Quiz

Gandalf's 'good morning quote' (movie) Quiz Stats

 Plays Quiz not verified by Sporcle

Score 0/64 Timer 12:00
0 Plays Today
% Correct
you
94.9%
you
94.9%
you
94.9%
you
94.9%
you
94.9%
you
94.9%
a
94.4%
good
94.4%
a
94.4%
good
94.4%
good
94.4%
a
94.4%
good
94.4%
do
93.8%
Do
93.8%
morning,
93.8%
do
93.8%
morning
93.8%
morning?
93.8%
morning
93.8%
I
92.1%
to
91%
me
91%
to
91%
to
91%
or
90.4%
or
90.4%
Or
90.4%
Or
90.4%
it
89.3%
it
89.3%
is
88.8%
% Correct
is
88.8%
wish
87.6%
What
87.1%
that
87.1%
that
87.1%
that
87.1%
be
86%
mean?
85.4%
mean
85.4%
mean
85.4%
mean
85.4%
on
84.3%
on?
84.3%
this
82%
this
82%
say
79.8%
not?
78.1%
feel
74.2%
want
71.9%
particular
69.7%
whether
68%
are
66.3%
.
53.9%
.
53.9%
.
53.9%
.
53.9%
.
53.9%
.
53.9%
.
53.9%
perhaps
50%
simply
39.9%
stating
33.1%

You're not logged in!

Compare scores with friends on all Sporcle quizzes.
OR
Log In

Sporcle TV

Today on Sporcle TV


Watch our educational content, quiz creation guides, and fun videos on Sporcle TV.

Show Comments

Extras

Top Quizzes Today


Score Distribution

Your Account Isn't Verified!

In order to create a playlist on Sporcle, you need to verify the email address you used during registration. Go to your Sporcle Settings to finish the process.

Report this User

Report this user for behavior that violates our Community Guidelines.

Details: